Lisboa - Statistics

Estatísticas Gerais
  • Esse quiz foi jogado 100 vezes
  • A pontuação média é 11 de 15
Estatísticas das Respostas
Hint Resposta % Correto
Qual o maior rio da cidade? Tejo
92%
Onde fica o Terreiro do Paço? Baixa de Lisboa
90%
Qual o nome de cidade escolhido pela inspectora Raquel na série Casa de Papel? Lisboa
89%
Como se chama a ponte suspensa sobre o rio Tejo? Ponte 25 de Abril
83%
Em que ano se deu o terramoto? 1755
82%
Quem reconstruiu Lisboa após o terremoto? Marquês de Pombal
77%
Onde fica o Mosteiro dos Jerónimos? Belém
76%
Como se chama o aeroporto de Lisboa? Aeroporto Humberto Delgado
75%
Qual o bairro de Lisboa mais conhecido pelas suas casas de fado? Alfama
71%
Como são chamados os habitantes de Lisboa? Alfacinhas
60%
Qual o nome do aqueduto que se ergue sobre o vale de Alcântara? Aqueduto das Águas Livres
57%
Como se chama a primeira praça de touros do país? Praça de Touros do Campo Pequeno
55%
Onde se situa o Paço da Ribeira? Praça do Comércio
53%
Por que nome é mais conhecida a Praça de D. Pedro IV? Rossio
48%
Como se chama o bairro que é o centro de comércio de Lisboa? Chiado
43%
Nenhum quiz correspondente encontrado
Distribuição das Pontuações
Porcentagem de Pessoas com Cada Pontuação
Percentil de Números Respondidos
Sua Pontuação Histórica
Você não jogou esse quiz